LEADER 01121nam0 2200289 450 001 000011845 005 20181127143510.0 100 $a20080526d1971----km-y0itay50------ba 101 0 $aita 102 $aIT 105 $ay-------001yy 200 1 $aProblemi di diritto regionale$fFranco Bassanini, Valerio Onida 210 $aMilano$cA. Giuffrè$d1971 215 $a2 v.$d25 cm 327 1 $a1.: Gli statuti regionali di fronte al Parlamento : rilievi critici su una vicenda parlamentare$a2.: Trasferimento delle funzioni e attuazione dell'ordinamento regionale : note e pareri 610 1 $aDiritto pubblico regionale 676 $a352$v17$9Amministrazione locale 676 $a352$v21$9Considerazioni generali di amministrazione pubblica 676 $a352.140945$v21$9Amministrazione locale. Italia 700 1$aBassanini,$bFranco$0125825 701 1$aOnida,$bValerio$0110462 801 0$aIT$bUNIPARTHENOPE$c20080526$gRICA$2UNIMARC 912 $a000011845 951 $a342.09/105[I]$b27960$cNAVA4 951 $a342.09/105[II]$b27961$cNAVA4 996 $aProblemi di diritto regionale$9623826 997 $aUNIPARTHENOPE LEADER 01051nam a2200229 i 4500 001 991004346106807536 005 20241028125942.0 008 241028s1923 xx er 001 0 ita d 040 $aBibl. Dip.le Aggr. Scienze Umane e Sociali$bita$cSocioculturale Scs 041 0 $aita 082 04$a195$223 100 1 $aGalluppi, Pasquale,$d1770-1846.$0159888 245 10$aLettere filosofiche su le vicende della filosofia relativamente a' principii delle conoscenze umane da Cartesio sino a Kant inclusivamente /$cPasquale Galluppi ; con introduzione e note di Augusto Guzzo ed appendice di due lettere filosofiche inedite 260 $aFirenze :$bVallecchi,$c1923 300 $aXLVIII, 316 p. ;$c20cm 490 1 $aIl pensiero moderno 650 4$aFilosofia$xStoria$ySec. 17.-19. 700 1 $aGuzzo, Augusto 830 0$aIl pensiero moderno 912 $a991004346106807536 996 $aLettere filosofiche su le vicende della filosofia relativamente a' principii delle conoscenze umane da Cartesio sino a Kant inclusivamente$91101791 997 $aUNISALENTO